01407nam a2200361Ia 4500001001200000003000800012006001900020007001500039008004100054010001700095015001500112020001500127020002800142040002100170035002100191050002700212082001600239100002100255245014700276260006300423300002500486504005100511533015200562650002500714650002600739650003300765650003200798655002900830700001900859700002400878710001700902856012600919ebr10088557CaPaEBRm u cr cn|||||||||040107s2004 ne a sb 001 0 eng d z 2004041015 aGBA4-Z9050 z1402019068 z140201905X (alk. paper) aCaPaEBRcCaPaEBR a(OCoLC)61494117714aQC176.8.E4bA54 2004eb04a530.4/12221 aAntonov, Victor.10aElectronic structure and magneto-optical properties of solidsh[electronic resource] /cby Victor Antonov, Bruce Harmon and Alexander Yaresko. aDordrecht ;aBoston :bKluwer Academic Publishers,cc2004. axiii, 528 p. :bill. aIncludes bibliographical references and index. aElectronic reproduction.bPalo Alto, Calif. :cebrary,d2009.nAvailable via World Wide Web.nAccess may be limited to ebrary affiliated libraries. 0aSolid state physics. 0aElectronic structure. 0aSolidsxMagnetic properties. 0aSolidsxOptical properties. 7aElectronic books.2local1 aHarmon, Bruce.1 aYaresko, Alexander.2 aebrary, Inc.40uhttp://site.ebrary.com/lib/rucke/Doc?id=10088557zAn electronic book accessible through the World Wide Web; click to view